000 00856nam a2200241Ia 4500
003 OSt
005 20220923225340.0
006 a|||||r|||| 00| 0
007 ta
008 220922b |||||||| |||| 00| 0 hin d
024 _a263,817
037 _cTextual
040 _aARTS
_cARTS
_bhin
041 _2hin
_ahin
082 _aV2973:74, 1595N9
100 _aबुद्धिमान प्रधान
245 0 _aकिरातवंशी सुनुवार (मुखिया) कोइॅंच्
246 _aKirātavanshī sunuvār (mukhiyā) koiॅanch
260 _aगान्तोक
_b सिक्किम सुनुवार
_c1999
650 _aविश्व-इतिहास
942 _hV2973:74, 1595N9
_cTEXL
_2CC
999 _c377682
_d377682